000 00696nam a2200205Ii 4500
003 JO-AjNU
008 230605s9999||||xx |||||||||||||| ||und||
040 _aJO-AjNU
_bara
_erda
_cJO-AjNU
041 _aara
050 1 4 _aKRM3570.M8782.1991
100 3 _aمرقس، سليمان,
_eauthor
_946984
245 0 0 _aالوافى في شرح القانون المدني : أصول الإثبات وإجراءاته في المواد المدنية
250 _aط5
264 3 1 _aالقاهرة : د،ن ،1991
300 _a904ص
336 _atext
_btxt
_2rdacontent
337 _aunmediated
_bn
_2rdamedia
338 _avolume
_bnc
_2rdacarrier
650 4 _aقانون مدني -- مصر
_946985
999 _aA20479
_c24047
_d24047